The structure of certain quasisymmetric groups

Saved in:
Bibliographic Details
Main Author: Hinkkanen, Aimo
Format: Book
Language:English
Published: Providence, R.I., USA : American Mathematical Society, c1990
Series:Memoirs of the American Mathematical Society ; ; no. 422
Subjects:
Tags: Add Tag
No Tags, Be the first to tag this record!

MARC

LEADER 00000cam a2200000 i 4500
001 1/51046
008 941103s1990 eng d
020 |a 0821824856 
035 |l 10044037 
035 |a 1993 
040 |a GR-MY-UA  |b gre  |e aacr 
041 0 |a eng 
082 0 |a 512.2 
100 1 |a Hinkkanen, Aimo. 
245 1 4 |a The structure of certain quasisymmetric groups /  |c A. Hinkkanen 
260 |a Providence, R.I., USA :   |b American Mathematical Society,   |c c1990 
300 |a iv, 87 p.;  |c 26 cm 
490 1 |a Memoirs of the American Mathematical Society  |v ; no. 422 
500 |a "January 1990, volume 83, number 422 (fourth of 6 numbers)." 
504 |a Includes bibliographical references (p. 86-87) 
650 0 0 |a Quasisymmetric groups. 
830 0 |a Memoirs of the American Mathematical Society ;  |v ; no. 422 
852 |a INST  |b SAMOS  |e 19941103  |h 512.2 HIN  |p 005300002672  |q 005300002672  |t BK  |y 0 
909 |a Σ  |b 030189